Catálogo
 En Linea

# Emprende : (Registro nro. 51173)

Detalles MARC
000 -CABECERA
campo de control de longitud fija 00899nam a22002537a 4500
003 - IDENTIFICADOR DEL NÚMERO DE CONTROL
campo de control DO-SdBNP
005 - FECHA Y HORA DE LA ÚLTIMA TRANSACCIÓN
campo de control 20220408081613.0
008 - DATOS DE LONGITUD FIJA--INFORMACIÓN GENERAL
campo de control de longitud fija 220117b2019 a 001 0 spa d
020 ## - NÚMERO INTERNACIONAL ESTÁNDAR DEL LIBRO
Número Internacional Estándar del Libro 9789945804812
040 ## - FUENTE DE LA CATALOGACIÓN
Centro catalogador/agencia de origen DO-SdBNP
Lengua de catalogación spa
Centro/agencia transcriptor BNPHU
082 4# - NÚMERO DE LA CLASIFICACIÓN DECIMAL DEWEY
Número de clasificación xxx
Número de documento/Ítem L864e
100 1# - ENTRADA PRINCIPAL--NOMBRE DE PERSONA
Nombre de persona López Valerio, Arturo Yván
9 (RLIN) 81432
245 10 - MENCIÓN DE TÍTULO
Título # Emprende :
Resto del título una guía para ''ciudadanos de a pie'' /
Mención de responsabilidad, etc. Arturo Yván López Valerio
246 ## - FORMA VARIANTE DE TÍTULO
Título propio/Titulo breve Emprende ;
Resto del título una guìa para ''ciudadanos de a pie''
260 ## - PUBLICACIÓN, DISTRIBUCIÓN, ETC.
Lugar de publicación, distribución, etc. Santo Domingo :
Nombre del editor, distribuidor, etc. Kindle Direct Publishing,
Fecha de publicación, distribución, etc. 2019.
300 ## - DESCRIPCIÓN FÍSICA
Extensión 90 p.
Dimensiones 22 cm.
490 1# - MENCIÓN DE SERIE
Mención de serie StartupsAcademy Colombo Dominicana
500 ## - NOTA GENERAL
Nota general Incluye datos biográficos del autor.
590 ## - NOTA LOCAL (RLIN)
Nota local Inventariado, 2022 / YL
590 ## - NOTA LOCAL (RLIN)
Nota local La biblioteca posee un (1) ejemplar autografiado por el autor.
830 ## - PUNTO DE ACCESO ADICIONAL DE SERIE-TÍTULO UNIFORME
Número de parte o sección de la obra StartupsAcademy Colombo Dominicana
9 (RLIN) 81433
910 ## - DATOS DE OPCIÓN DEL USUARIO (OCLC)
Datos de opción del usuario YLockward
942 ## - ELEMENTOS DE PUNTO DE ACCESO ADICIONAL (KOHA)
Fuente del sistema de clasificación o colocación Dewey Decimal Classification
Tipo de ítem Koha Libro
Existencias
Estado de retiro Estado de pérdida Fuente del sistema de clasificación o colocación Restricciones de uso No para préstamo Código de colección Localización permanente Ubicación/localización actual Ubicación en estantería Fecha de adquisición Fuente de adquisición Total de préstamos Signatura topográfica completa Código de barras Fecha visto por última vez Tipo de ítem Koha Nota pública Número de copia
    Dewey Decimal Classification Excluido de préstamo   Patrimonio Dominicano Biblioteca Nacional Pedro Henríquez Ureña Biblioteca Nacional Pedro Henríquez Ureña Depósito 19.06.2019 Arturo López Valerio   xxx L864e 2022-1282 17.01.2022 Libro Autografiado por el autor  
    Dewey Decimal Classification Excluido de préstamo   Monografías: Libros y Folletos Biblioteca Nacional Pedro Henríquez Ureña Biblioteca Nacional Pedro Henríquez Ureña Depósito 19.06.2019 Arturo López Valerio   xxx L864e 2022-1283 17.01.2022 Libro   e.2
    Dewey Decimal Classification Préstamo en sala   Monografías: Libros y Folletos Biblioteca Nacional Pedro Henríquez Ureña Biblioteca Nacional Pedro Henríquez Ureña Depósito 19.06.2019 Arturo López Valerio     2022-0105 17.01.2022 Libro   e.3

Con tecnología Koha